000 00560nam a2200193Ia 4500
003 OSt
005 20221007083117.0
006 a|||||r|||| 00| 0
007 ta
008 221006b |||||||| |||| 00| 0 eng d
024 _a22,733
037 _cDissertations
040 _aFLL
_cFLL
_beng
041 _2eng
_aeng
100 _aDar Manzoor Ahamad
_9566581
245 0 _aTransfer of technology in global developmental perspectite - a study in legal constraints and viability.
942 _cDIS
_2CC
999 _c1168839
_d1168839